Les 20 villes les plus peuplées de la Somme sur une carte - Statistiques

Statistiques générales
  • Ce quiz a été pris 60 fois
  • Le résultat moyen est 8 sur 20
Réponses sur la Carte
Les réponses sont colorées sur une échelle allant du rouge au vert en fonction du pourcentage des utilisateurs qui les ont devinées à leur premier essai. Vous pouvez retrouver ces pourcentages ci-dessous.
 
Statistiques - réponses
Habitants Villes % Correct
134 780 Amiens
100%
22 406 Abbeville
88%
7 139 Péronne
77%
9 658 Albert
70%
5 978 Montdidier
49%
5 726 Longueau
47%
6 080 Corbie
44%
5 814 Doullens
42%
4 408 Ham
42%
5 748 Roye
35%
4 387 Camon
30%
3 247 Flixecourt
30%
3 050 Rue
30%
3 609 Rivery
28%
4 644 Villers-Bretonneux
26%
4 188 Salouël
23%
3 273 Boves
16%
3 968 Moreuil
16%
2 973 Ailly-sur-Somme
14%
4 394 Friville-Escarbotin
14%
Aucun quiz correspondant
Distribution des résultats
% des personnes avec chaque résultat
Percentile par nombre de réponses
Votre historique - résultats
Vous n’avez pas pris ce quiz